| Tag |
First Indicator |
Second Indicator |
Subfields |
| LEADER |
00000ckm a2200000 i 4500 |
| 001 |
in00003523905 |
| 005 |
20211120172705.0 |
| 006 |
m o d f |
| 007 |
cr mn||||||||| |
| 007 |
kk cz||||||||| |
| 008 |
140929s1918 ilunnn fo ineng c |
| 035 |
|
|
|a (OCoLC)ocn891602436
|
| 040 |
|
|
|a GPO
|b eng
|e rda
|e pn
|c GPO
|d MvI
|d UtOrBLW
|
| 042 |
|
|
|a pcc
|
| 043 |
|
|
|a n-us---
|
| 049 |
|
|
|a WWW
|
| 074 |
|
|
|a 9999 (online)
|
| 086 |
0 |
|
|a T 1.27/25:5/1-C
|
| 100 |
1 |
|
|a Beneker, Gerrit A.
|q (Gerrit Albertus),
|d 1882-1934,
|e artist.
|
| 245 |
1 |
0 |
|a Sure! We'll finish the job :
|b Victory Liberty Loan /
|c Gerrit A. Beneker.
|
| 264 |
|
1 |
|a Chicago :
|b Edwards & Deutsch Litho. Co.,
|c [1918]
|
| 264 |
|
2 |
|a [Washington, District of Columbia] :
|b [U.S. Department of the Treasury, War Loan Organization, Publicity Bureau]
|
| 300 |
|
|
|a 1 online resource (1 poster) :
|b color
|
| 336 |
|
|
|a still image
|b sti
|2 rdacontent
|
| 337 |
|
|
|a computer
|b c
|2 rdamedia
|
| 338 |
|
|
|a online resource
|b cr
|2 rdacarrier
|
| 500 |
|
|
|a Title from title screen (viewed Sept. 29, 2014).
|
| 500 |
|
|
|a Publication pre-dates Federal Depository Library Program (FDLP) item numbers. No FDLP item number has been assigned.
|
| 520 |
|
|
|a The poster depicts a man in hat and overalls reaching into his pocket; he wears buttons from previous Liberty Loan campaigns.
|
| 500 |
|
|
|a "1-C."
|
| 650 |
|
0 |
|a World War, 1914-1918
|z United States
|v Posters.
|
| 650 |
|
0 |
|a World War, 1914-1918
|x Economic aspects
|z United States
|v Posters.
|
| 650 |
|
0 |
|a World War, 1914-1918
|x Finance
|v Posters.
|
| 650 |
|
0 |
|a Liberty bonds
|z United States
|v Posters.
|
| 650 |
|
0 |
|a Men in art.
|
| 710 |
1 |
|
|a United States.
|b War Loan Organization.
|b Publicity Bureau,
|e issuing body.
|
| 776 |
0 |
8 |
|i Print version:
|a Beneker, Gerrit A. (Gerrit Albertus), 1882-1934.
|t Sure! We'll finish the job
|w (DLC) 2002708892
|w (OCoLC)10759746
|
| 856 |
4 |
0 |
|u https://purl.fdlp.gov/GPO/gpo52422
|t 0
|
| 999 |
|
|
|a MARS
|
| 999 |
f |
f |
|s 71047c80-00bf-3171-b1fa-0bbd62cbfa07
|i 78a413d6-b904-35ca-8ac2-6f6fe98fe439
|t 0
|
| 952 |
f |
f |
|a Texas A&M University
|b College Station
|c Electronic Resources
|d Available Online
|t 0
|e T 1.27/25:5/1-C
|h Superintendent of Documents classification
|
| 998 |
f |
f |
|a T 1.27/25:5/1-C
|t 0
|l Available Online
|